000 00656cam a22001691 4500
001 000001374
005 20200929145546.0
008 740214s1939 xx 000 0 spa
040 _aDO-SdBNP
_bspa
_cBNPHU
100 2 _aPerez Cabrera, Jose Manuel,
_d1921-
_94598
245 1 3 _aEl capitan Hernando de Soto ... :
_bdiscurso leido ... el 30 de mayo de 1939, en conmemoracion del IV centenario del inicio de la jornada de la Florida.
260 _aLa Habana,
_c1939.
300 _a28 p. :
_billus. ;
_c24 cm.
500 _aAcademia de la historia de Cuba.
600 1 0 _aSoto, Hernando de,
_dca. 1500-1542.
_94599
710 2 _aAcademia de la Historia de Cuba.
_94600
999 _c1298
_d1298